000 00568nam a22002057a 4500
005 20251108164819.0
008 250721s1980 xx 000 0 ara d
082 1 4 _a813.09561/غال
100 1 _aشكري، غالي
245 1 0 _aغاده السمان بلا أجنحة /
250 _aط2.
264 1 _aبيروت :
_bدار الطليعة،
_c1980.
300 _a213ص
650 1 7 _aالقصص العربية
650 1 7 _aالتاريخ الأدبي
650 1 7 _aالنقد الأدبي
650 1 7 _aسورية
942 _2ddc
_cBK
999 _c14988
_d14988